Gandhian way: (Record no. 10607)

MARC details
000 -LEADER
fixed length control field 00805 a2200205 4500
010 ## - LIBRARY OF CONGRESS CONTROL NUMBER
LC control number ENG-89424
020 ## - INTERNATIONAL STANDARD BOOK NUMBER
Terms of availability 3000.00
International Standard Book Number 9788171886487
035 ## - SYSTEM CONTROL NUMBER
System control number EN-72957
037 ## - SOURCE OF ACQUISITION
Source of stock number/acquisition DBAD / PUB
082 14 - DEWEY DECIMAL CLASSIFICATION NUMBER
Classification number 301.153
090 ## - LOCALLY ASSIGNED LC-TYPE CALL NUMBER (OCLC); LOCAL CALL NUMBER (OCLC)
-- 10909
-- 10909
245 1# - TITLE STATEMENT
Title Gandhian way:
Remainder of title peace, non-violence and empowerment/
Statement of responsibility, etc edited by Anand Sharma
260 ## - PUBLICATION, DISTRIBUTION, ETC. (IMPRINT)
Place of publication, distribution, etc New Delhi
Name of publisher, distributor, etc Academic Foundation
Date of publication, distribution, etc 2007
270 ## - ADDRESS
Address 4772-73/23 Bharat Ram Road, (23 Ansari Road), Darya Ganj,
City New Delhi
Postal code 110002
State or province Delhi
Telephone number 23245001
Electronic mail address acedmic@vsnl.com
300 ## - PHYSICAL DESCRIPTION
Extent 320p.:
Dimensions 21 cm ( Hb.)
Other physical details b&w, col.photos
500 ## - GENERAL NOTE
General note Celebrating hundred years of 'Satyagraha' (1906-2006)
700 ## - ADDED ENTRY--PERSONAL NAME
Personal name Sharma, Anand
942 ## - ADDED ENTRY ELEMENTS (KOHA)
Institution code [OBSOLETE] dpl
Koha item type English Books
Call number prefix 301.153/ GAN
Holdings
Withdrawn status Lost status Source of classification or shelving scheme Damaged status Not for loan Collection code Home library Current library Source of acquisition Cost, normal purchase price Total Checkouts Full call number Barcode Date last seen Copy number Uniform Resource Identifier Cost, replacement price Price effective from Koha item type
    Dewey Decimal Classification   Not For Loan Non-fiction D.B.Act.Division D.B.Act.Division DBAD/PUB 3000.00   301.153 GAN EN-72957 15/09/2008 1 11684 3000.00 15/09/2008 English Books

© Delhi Public Library
Hit Counter
free hit counter